000 00855nam a2200253Ia 4500
003 OSt
005 20220926012316.0
006 a|||||r|||| 00| 0
007 ta
008 220923b |||||||| |||| 00| 0 eng d
020 _a9781107180918
_c6992.25
037 _b113271, 31/01/2019, International Book Distrobutors
_cGeneral Book
040 _aRTL
_cRTL
_beng
041 _2eng
_aeng
082 _aX:(B), Q8
100 _aSCHWARTZ Thomas
_9316121
245 0 _aCycles and social choice
_b The true and unabridged story of an most protean paradox.
260 _aNew York
_bCambridge University Press
_c2018
300 _axi, 161p
_ccm.
490 _aHBR'S 10 Must Reads
650 _aEconomics
942 _hX:(B), Q8
_cGB
_2CC
999 _c622472
_d622472